Leaving on a Jet Plane - John Denver Lyrics - Statistics

General Stats
  • This quiz has been taken 30 times
  • The average score is 218 of 283
Answer Stats
Lyric % Correct
a
100%
be
100%
I
100%
i'll
100%
I'll
100%
i'm
100%
I'm
100%
jet
100%
plane
100%
when
100%
again
95%
back
95%
don't
95%
know
95%
leavin'
95%
leavin
95%
me
95%
on
95%
to
95%
you
95%
your
95%
and
90%
my
90%
oh
90%
for
86%
go
86%
so
86%
that
86%
you'll
86%
babe
81%
hate
81%
wait
81%
are
76%
bags
76%
here
76%
kiss
76%
never
76%
tell
76%
the
76%
All
71%
but
71%
door
71%
hold
71%
its
71%
let
71%
like
71%
packed
71%
ready
71%
smile
71%
up
71%
'cause
67%
'cause
67%
outside
67%
standin'
67%
goodbye
62%
his
62%
say
62%
time
62%
wake
62%
he's
57%
horn
57%
blowin
52%
could
52%
is
52%
i've
52%
now
52%
waitin'
52%
die
48%
lonesome
48%
mean
48%
breakin'
43%
come
43%
dawn
43%
early
43%
leaving
43%
many
43%
morn
43%
ring
43%
thing
43%
wedding
43%
already
38%
down
38%
of
38%
there's
38%
times
38%
around
33%
bring
33%
dream
33%
have
33%
leave
33%
one
33%
they
33%
think
33%
has
29%
more
29%
played
29%
way
29%
about
24%
every
24%
eyes
24%
place
24%
days
19%
sing
19%
song
19%
won't
19%
alone
14%
close
14%
tasix
0%
No matching quizzes found
Score Distribution
Percent of People with Each Score
Percentile by Number Answered
Your Score History
You have not taken this quiz